Co je a co není benchmarking
Benchmarking ako súčasť postupov k dosiahnutiu podnikateľského úspechu. Meranie systémov a postupov vo vnútri organizácie. Porovnávanie s konkurenciou. Čo nie je benchmarking. Benchmarking ako nástroj pre zvyšovanie výkonnosti podniku. Benchmarking v Českej republike.
Salvato in:
| Autore principale: | |
|---|---|
| Natura: | Capitolo di libro |
| Lingua: | ceco |
| Soggetti: | |
| Tags: |
Nessun Tag, puoi essere il primo ad aggiungerne!!
|
MARC
| LEADER | 00000naa$a2200000$$$4500 | ||
|---|---|---|---|
| 001 | 0026699 | ||
| 005 | 20231106122025.0 | ||
| 041 | 0 | |a cze | |
| 044 | |a CZ | ||
| 245 | 1 | 0 | |a Co je a co není benchmarking |c Milan Trčka |
| 520 | |a Benchmarking ako súčasť postupov k dosiahnutiu podnikateľského úspechu. Meranie systémov a postupov vo vnútri organizácie. Porovnávanie s konkurenciou. Čo nie je benchmarking. Benchmarking ako nástroj pre zvyšovanie výkonnosti podniku. Benchmarking v Českej republike. | ||
| 610 | 2 | 0 | |a stratégia podniková |
| 610 | 2 | 0 | |a benchmarking |
| 610 | 2 | 0 | |a kvalita |
| 610 | 2 | 0 | |a výkonnosť |
| 610 | 2 | 0 | |a procesy podnikové |
| 610 | 2 | 0 | |a informácie |
| 610 | 2 | 0 | |a konkurencia |
| 610 | 2 | 0 | |a Česko |
| 100 | 1 | |a Trčka, Milan | |